<?xml version="1.0" encoding="UTF-8"?>
<marc:record xmlns:marc="http://www.loc.gov/MARC21/slim">
   <marc:leader>00000nam a2200000 a 4500</marc:leader>
   <marc:datafield ind1="1" ind2=" " tag="100">
      <marc:subfield code="a">Kaiblinger, Sonja</marc:subfield>
      <marc:subfield code="4">aut</marc:subfield>
      <marc:subfield code="e">Verfasser/-in</marc:subfield>
   </marc:datafield>
   <marc:datafield ind1="1" ind2=" " tag="100">
      <marc:subfield code="a">Hussung, Thomas</marc:subfield>
   </marc:datafield>
   <marc:datafield ind1="1" ind2=" " tag="100">
      <marc:subfield code="a">Kaiblinger, Sonja</marc:subfield>
   </marc:datafield>
   <marc:datafield ind1="0" ind2="0" tag="245">
      <marc:subfield code="a">Vincent jagt das Phantom</marc:subfield>
   </marc:datafield>
   <marc:datafield ind1="0" ind2="0" tag="245">
      <marc:subfield code="c">Sonja Kaiblinger ; Hussung Thomas</marc:subfield>
   </marc:datafield>
   <marc:datafield ind1=" " ind2="1" tag="264">
      <marc:subfield code="a">Bindlach</marc:subfield>
      <marc:subfield code="b">Loewe WOW!</marc:subfield>
      <marc:subfield code="c">2025</marc:subfield>
   </marc:datafield>
   <marc:datafield ind1="1" ind2=" " tag="490">
      <marc:subfield code="a">Vincent</marc:subfield>
      <marc:subfield code="v">5</marc:subfield>
   </marc:datafield>
   <marc:datafield ind1="1" ind2=" " tag="520">
      <marc:subfield code="a">Quelle: bn.bibliotheksnachrichten (http://www.biblio.at/literatur/bn/index.html); &lt;br/&gt;Autor: Anita Ruckerbauer; &lt;br/&gt;Diesmal bekommt es Vincent mit einem mysteriösen Doppelgänger zu tun. (ab 7) (JE)&lt;br/&gt;Halbgeisterfledermaus Vincent ist zum »Außenwachhund« ernannt worden und soll Geisterverbrecher in der Menschenwelt fangen. Doch dann wird er selbst beschuldigt, in der Geisterwelt Reiche zu berauben. Und wirklich, das Phantombild sieht ihm zum Verwechseln ähnlich. Gut, dass Vincent seine Freunde hat. Gemeinsam wollen sie die diebische Fledermaus in eine Falle locken.&lt;br/&gt;Auch im fünften Band gelingt es dem Duo Sonja Kaiblinger und Thomas Hussung wieder, angenehmes Gruseln mit viel Humor zu verbinden. Die kurzen Sprechblasentexte ermöglichen es auch weniger geübten Leser*innen, das Buch in relativ kurzer Zeit zu bewältigen. Ideal für Leseanfänger*innen, aber auch ältere Kinder werden ihren Spaß damit haben.</marc:subfield>
   </marc:datafield>
   <marc:datafield ind1=" " ind2=" " tag="020">
      <marc:subfield code="a">9783743217089</marc:subfield>
      <marc:subfield code="9">9783743217089</marc:subfield>
   </marc:datafield>
   <marc:datafield ind1=" " ind2=" " tag="041">
      <marc:subfield code="a">ger</marc:subfield>
   </marc:datafield>
   <marc:datafield ind1=" " ind2=" " tag="300">
      <marc:subfield code="b">Illustrationen</marc:subfield>
   </marc:datafield>
   <marc:datafield ind1="1" ind2=" " tag="521">
      <marc:subfield code="a">0</marc:subfield>
   </marc:datafield>
   <marc:datafield ind1=" " ind2=" " tag="300">
      <marc:subfield code="a">122 Seiten</marc:subfield>
   </marc:datafield>
</marc:record>
